Hugh MacDiarmid, the poetry of self /

Bibliographic Details
Main Author: Baglow, John
Format: Book
Language:English
Published: Kingston, Ont. : McGill-Queen's University Press, 1987.
Subjects:

MARC

Tag First Indicator Second Indicator Subfields
LEADER 00000cam a22000008a 4500
001 in00000010523
005 20151007051402.0
008 870130s1987 onc b 00110 eng c
010 |a cn 87093457  
015 |a C87-93457-0 
020 |a 0773505717 
035 |a (OCoLC)16183651 
035 |9 AAA2735AM 
040 |a CaOTU  |b eng  |c NLC  |d TXA  |d UtOrBLW 
049 |a TXAM  |c [A12581734] 
050 4 |a PR6013.R735  |b Z57 1987 
082 0 |a 821/.912  |2 19 
100 1 |a Baglow, John. 
245 1 0 |a Hugh MacDiarmid, the poetry of self /  |c John Baglow. 
264 1 |a Kingston, Ont. :  |b McGill-Queen's University Press,  |c 1987. 
300 |a xi, 255 pages 
336 |a text  |b txt  |2 rdacontent 
337 |a unmediated  |b n  |2 rdamedia 
338 |a volume  |b nc  |2 rdacarrier 
500 |a Includes index. 
504 |a Bibliography: pages [235]-241. 
600 1 0 |a MacDiarmid, Hugh,  |d 1892-1978  |x Criticism and interpretation. 
999 |a MARS 
999 f f |s 5b82178e-87c3-3c69-8881-9b4459b891fd  |i ba7fff64-09d4-3bdb-ae93-a85c008ef2f5  |t 0 
952 f f |p normal  |a Texas A&M University  |b College Station  |c Sterling C. Evans Library  |d Evans: Library Stacks  |t 0  |e PR6013.R735 Z57 1987  |h Library of Congress classification  |i unmediated -- volume  |m A14812581734 
998 f f |a PR6013.R735 Z57 1987  |t 0  |l Evans: Library Stacks